प्रश्नोपनिषद् ( संस्कृत हिन्दी अंग्रेजी तीनों भाषाअाें में ) (Record no. 58834)
[ view plain ]
| 000 -LEADER | |
|---|---|
| fixed length control field | 00564nam a22001457a 4500 |
| 003 - CONTROL NUMBER IDENTIFIER | |
| control field | macl |
| 005 - DATE AND TIME OF LATEST TRANSACTION | |
| control field | 20181229154515.0 |
| 008 - FIXED-LENGTH DATA ELEMENTS--GENERAL INFORMATION | |
| fixed length control field | 181229b xxu||||| |||| 00| 0 eng d |
| 040 ## - CATALOGING SOURCE | |
| Transcribing agency | macl |
| 100 ## - MAIN ENTRY--PERSONAL NAME | |
| Personal name | आर्य, अर्जुन देव विषम |
| 9 (RLIN) | 73568 |
| 245 ## - TITLE STATEMENT | |
| Title | प्रश्नोपनिषद् ( संस्कृत हिन्दी अंग्रेजी तीनों भाषाअाें में ) |
| 260 ## - PUBLICATION, DISTRIBUTION, ETC. (IMPRINT) | |
| Place of publication, distribution, etc. | जयपुर |
| Name of publisher, distributor, etc. | पंचशील |
| Date of publication, distribution, etc. | 2013 |
| 650 ## - SUBJECT ADDED ENTRY--TOPICAL TERM | |
| Topical term or geographic name as entry element | घर्म |
| 9 (RLIN) | 73569 |
| 942 ## - ADDED ENTRY ELEMENTS (KOHA) | |
| Source of classification or shelving scheme | |
| Koha item type | Hindi Books |
| Withdrawn status | Lost status | Source of classification or shelving scheme | Damaged status | Not for loan | Home library | Current library | Date acquired | Cost, normal purchase price | Total Checkouts | Full call number | Barcode | Date last seen | Price effective from | Koha item type |
|---|---|---|---|---|---|---|---|---|---|---|---|---|---|---|
| MACL | MACL | 29/12/2018 | 700.00 | 294 | CRH033754 | 29/12/2018 | 29/12/2018 | Hindi Books |









